Chemie krok za krokem /

Hlavní autor: Bílek, Martin, 1964-
Další autoři: Rychtera, Jiří, 1945-
Jazyk: Čeština
Vydáno: Praha : Moby Dick, 1999
Vydání: 1. vyd.
Témata:
Fyzický popis: 198 s. : il. (větš. barev.) ; 24 cm + 1 tabulka.
Knihy
Uloženo v:
LEADER 01090nam a2200313 a 4500
001 000449343
003 CZ BrMZK
005 20201209072300.0
007 ta
008 990315s1999 xr c p cze d
015 |a cnb000694231 
020 |a 80-86237-03-6 
035 |a (OCoLC)44526206 
040 |a BOA001  |b cze 
072 7 |a 54  |x Chemie. Mineralogické vědy  |2 Konspekt  |9 10 
072 7 |a 37.016  |x Učební osnovy. Vyučovací předměty. Učebnice  |2 Konspekt  |9 22 
080 |a 54  |2 MRF 
080 |a (075.2)  |2 MRF 
100 1 |a Bílek, Martin,  |d 1964-  |7 mzk2003173196  |4 aut 
245 1 0 |a Chemie krok za krokem /  |c Martin Bílek, Jiří Rychtera 
250 |a 1. vyd. 
260 |a Praha :  |b Moby Dick,  |c 1999 
300 |a 198 s. :  |b il. (větš. barev.) ;  |c 24 cm +  |e 1 tabulka. 
650 0 7 |a chemie  |7 ph114237  |2 czenas 
655 7 |a učebnice základních škol  |7 fd133773  |2 czenas 
700 1 |a Rychtera, Jiří,  |d 1945-  |7 mzk2003173841  |4 aut 
910 |a BOA001  |b 2-1065.526 
990 |a BK 
996 6 |b 2610104473  |c 2-1065.526  |l MZK  |r Sklad / do 1 hodiny  |n 6  |p p.v.  |w 000449343  |u 000010  |a 1  |e BOA001  |j MZK50  |s P